000 01289cam a2200361 i 4500
001 63271
003 Mx-PuUPA
005 20260218120501.0
008 150717s1997 mx gr 000 0 spa d
020 _a9682320720
040 _aMx-PuUPA
_bspa
_cMx-PuUPA
_dMx-PuUPA
_erda
041 1 _aspa
_hfre
100 1 _aGodbout, Jacques,
_d1939-
_917675
240 1 0 _aL'esprit du don.
_lEspañol
245 1 3 _aEl espíritu del don /
_cpor Jacques T. Godbout ; en colaboración con Alain Caillé ; traducción de Eliane Cazenave-Tapie.
250 _aPrimera edición
264 1 _aMéxico, D.F. :
_bSiglo XXI Editores,
_c1997
300 _a298 Páginas ;
_c21 cm
336 _atexto
_2rdacontent
_btxt
337 _asin medio
_2rdamedia
_bn
338 _avolumen
_2rdacarrier
_bnc
490 0 _aTeoría
650 7 _2armarc
_aDonaciones
_xAspectos sociales
650 7 _2armarc
_aSolidaridad
650 7 _2armarc
_aHumanitarismo
_xÉtica
650 7 _2armarc
_aAltruismo
_xConducta (Ética)
700 1 _aCaillé, Alain,
_ecolabordor
700 1 _aCazenave-Tapie, Eliane,
_etraductor
765 0 _aGodbout, Jacques, 1939-
_dParís : Éditions la découverte, 1992
_tL'esprit du don.
942 _2ddc
_cLI
_h171.8
_iG5718
999 _c63271
_d63271